Παιδαγωγώ και διδάσκω : η σχολική παιδαγωγική και η ειδική διδακτική του σύγχρονου σχολείου

Αποθηκεύτηκε σε:
Λεπτομέρειες βιβλιογραφικής εγγραφής
Κύριος συγγραφέας: Dottrens, Robert, 1893-1984
Μορφή: Βιβλίο
Γλώσσα:Greek
Δημοσίευση: Αθήνα : Δίπτυχο ; Unesco, 1974
Θέματα:
Ετικέτες: Προσθήκη ετικέτας
Δεν υπάρχουν, Καταχωρήστε ετικέτα πρώτοι!

MARC

LEADER 00000cam a2200000 i 4500
001 1/23018
008 960715s1974 gre d
035 |a 1987  |c Αγορά  |l 10036728 
035 |a 1995  |b 1  |c Δωρεά 
040 |a GR-MY-UA  |b gre  |e aacr 
041 0 |a gre 
082 0 |a 372.01 
100 1 |a Dottrens, Robert,   |d 1893-1984. 
245 1 0 |a Παιδαγωγώ και διδάσκω :  |b η σχολική παιδαγωγική και η ειδική διδακτική του σύγχρονου σχολείου /  |c Robert Dottrens ... [et.al.] 
260 |a Αθήνα :   |b Δίπτυχο ; Unesco,   |c 1974 
300 |a 582 σ. 
650 0 0 |a Education, Elementary  |x Philosophy. 
650 0 0 |a Elementary school teaching. 
852 |a INST  |b RHODES  |e 19960715  |h 372.01 DOT  |p 005400002659  |q 005400002659  |t BK  |y 0 
852 |a INST  |b RHODES  |e 19970703  |h 372.01 DOT  |p 005400007192  |q 005400007192  |t BK  |y 0 
852 |a INST  |b RHODES  |c AKA  |e 20040227  |h 372.01 DOT  |p 005400019553  |q 005400019553  |t BK  |y 0 
852 |a INST  |b RHODES  |c AKA  |e 20040227  |h 372.01 DOT  |p 005400019554  |q 005400019554  |t BK  |y 0 
852 |a INST  |b RHODES  |c AKA  |e 20040227  |h 372.01 DOT  |p 005400019555  |q 005400019555  |t BK  |y 0 
909 |a Ρ  |b 006167  |c 1987 
909 |a Ρ  |b 042805  |c 1995 
909 |a Ρ  |b 105215  |c 2004 
909 |a Ρ  |b 105216  |c 2004 
909 |a Ρ  |b 105217  |c 2004 
970 |a ΚΟΥΛΑΚΙΟΤΗ  |b ΛΙΤΣΑ  |z 2004/02/27